| 000 | 02473nam0a2200385 4500 | ||
|---|---|---|---|
| 001 | RU\NLR\BIBL_A\011910041 | ||
| 005 | 20190206160300.0 | ||
| 021 |
_aRU _bКН-П-18-093804 _9КН-П-18-6804 |
||
| 035 | _a(NLR Aleph) 011910041 | ||
| 090 |
_a10930650 _c10930650 |
||
| 100 | _a20190115d2018 k y0rusy50 ca | ||
| 101 | 0 |
_arus _aeng _erus _eeng |
|
| 102 | _aRU | ||
| 105 | _aa|||dm||000zy | ||
| 200 | 1 |
_aСоциальная дистанция как фактор этнополитических конфликтов в современной России _dSocial distance as a factor of ethnic conflicts in modern-day Russia _eдиссертация на соискание ученой степени кандидата политических наук _eспециальность: 23.00.06 - конфликтология _fМусаев Абдурашид Идрисович _gнаучный руководитель: доктор политических наук, профессор Газимагомедов Газимагомед Гамзатович _gСанкт-Петербургский государственный университет _zeng |
|
| 210 |
_aСанкт-Петербург _d2018 |
||
| 215 |
_a372 с. _cтабл. _d20 |
||
| 300 | _aАвт. также на англ. яз.: Abdurashid Idrisovich Musaev | ||
| 300 | _aТекст парал. на рус. и англ. яз. | ||
| 320 | _aБиблиогр.: с. 179-196 и в подстроч. примеч. | ||
| 333 | _aНа правах рукописи | ||
| 510 | 1 |
_6z77790 _aSocial distance as a factor of ethnic conflicts in modern-day Russia _zeng |
|
| 606 | 1 |
_aНациональные отношения _yРоссийская Федерация _2nlr_sh1 _2nlr_sh2 _3RU\NLR\AUTH\66754513 |
|
| 686 | 1 | _aС550.67 | |
| 686 | 1 | _aТ3(2)74-36 | |
| 700 | 1 |
_aМусаев _bА. И. _cканд. полит. наук _gАбдурашид Идрисович _3RU\NLR\AUTH\770200149 |
|
| 702 | 1 |
_aГазимагомедов _bГ.Г. _gГазимагомед Гамзатович _4727 |
|
| 712 | 0 | 2 |
_aСанкт-Петербургский государственный университет _3RU\NLR\AUTH\8810043151 _4295 |
| 790 | 1 |
_6z77510 _aMusaev _bA. I. _cканд. полит. наук _gAbdurašid Idrisovič _3RU\NLR\AUTH\770200155 |
|
| 911 | _a11123.00.06 | ||
| 942 | _cDISS | ||
| 980 | _aNBR | ||
| 980 | _aNB | ||